LIBRARY ONLINE CATALOGUE

Lessons for EMU from the history of monetary unions / (Record no. 9774)

MARC details
000 -LEADER
fixed length control field 00745nam a22002292 4500
001 - CONTROL NUMBER
control field 0000023275
005 - DATE AND TIME OF LATEST TRANSACTION
control field 20151217152239.0
008 - FIXED-LENGTH DATA ELEMENTS--GENERAL INFORMATION
fixed length control field 121019s xx 000 0 eng d
020 ## - INTERNATIONAL STANDARD BOOK NUMBER
International Standard Book Number 0255364288 :
040 ## - CATALOGING SOURCE
Original cataloging agency KABU
Transcribing agency KABU
100 1# - MAIN ENTRY--PERSONAL NAME
Personal name Bordo, Michael.
-- 0000182636
245 10 - TITLE STATEMENT
Title Lessons for EMU from the history of monetary unions /
Statement of responsibility, etc. Michael Bordo and Lars Jonung.
250 ## - EDITION STATEMENT
Edition statement 1st ed.
260 ## - PUBLICATION, DISTRIBUTION, ETC. (IMPRINT)
Place of publication, distribution, etc. London :
Name of publisher, distributor, etc. IEA,
Date of publication, distribution, etc. 2000.
300 ## - PHYSICAL DESCRIPTION
Extent xi, 72 p.
650 #0 - SUBJECT ADDED ENTRY--TOPICAL TERM
Topical term or geographic name as entry element Monetary unions
General subdivision History.
-- 0000182637
650 #0 - SUBJECT ADDED ENTRY--TOPICAL TERM
Topical term or geographic name as entry element Monetary unions
Geographic subdivision European Union countries.
-- 0000182638
650 #0 - SUBJECT ADDED ENTRY--TOPICAL TERM
Topical term or geographic name as entry element Economic and monetary unions.
-- 0000182639
852 1# - LOCATION
-- p300 KES
908 ## - PUT COMMAND PARAMETER (RLIN)
Put command parameter 121019
950 ## - LOCAL HOLDINGS (RLIN)
-- 1
Holdings
Withdrawn status Lost status Source of classification or shelving scheme Not for loan Home library Current library Date acquired Total Checkouts Full call number Barcode Date last seen Date last checked out Price effective from Koha item type
    Library of Congress Classification   Kabarak, Main Campus Kabarak, Main Campus 17/12/2015 1 HG3894 .B67 2000 c. 1 013732 12/01/2023 12/01/2023 17/12/2015 General Collection